<?xml version="1.0" encoding="UTF-8"?><?xml-stylesheet type="text/xsl" href="static/style.xsl"?><OAI-PMH xmlns="http://www.openarchives.org/OAI/2.0/" xmlns:xsi="http://www.w3.org/2001/XMLSchema-instance" xsi:schemaLocation="http://www.openarchives.org/OAI/2.0/ http://www.openarchives.org/OAI/2.0/OAI-PMH.xsd"><responseDate>2026-06-07T07:49:41Z</responseDate><request verb="GetRecord" identifier="oai:riuma.uma.es:10630/14465" metadataPrefix="marc">https://riuma.uma.es/rest/oai/request</request><GetRecord><record><header><identifier>oai:riuma.uma.es:10630/14465</identifier><datestamp>2026-02-03T12:29:58Z</datestamp><setSpec>com_10630_2254</setSpec><setSpec>col_10630_37959</setSpec></header><metadata><record xmlns="http://www.loc.gov/MARC21/slim" xmlns:dcterms="http://purl.org/dc/terms/" xmlns:doc="http://www.lyncode.com/xoai" xmlns:xsi="http://www.w3.org/2001/XMLSchema-instance" xsi:schemaLocation="http://www.loc.gov/MARC21/slim http://www.loc.gov/standards/marcxml/schema/MARC21slim.xsd">
   <leader>00925njm 22002777a 4500</leader>
   <datafield ind2=" " ind1=" " tag="042">
      <subfield code="a">dc</subfield>
   </datafield>
   <datafield ind2=" " ind1=" " tag="720">
      <subfield code="a">Escámez-Navas, Sebastián</subfield>
      <subfield code="e">author</subfield>
   </datafield>
   <datafield ind2=" " ind1=" " tag="260">
      <subfield code="c">2017-09-14</subfield>
   </datafield>
   <datafield ind2=" " ind1=" " tag="520">
      <subfield code="a">La tolerancia es entendida de diversas maneras. A veces se identifica con la simpatía por lo cultural o socialmente distinto. Otras veces nos encontramos con quienes la consideran fuera de lugar en un Estado de derecho, por la condescendencia que supuestamente incorpora y que resultaría incompatible con un régimen de iguales derechos ciudadanos. De hecho, hay razones históricas y hasta etimológicas para asociar la tolerancia con lidiar con alguna dificultad. Sin embargo, para servir como ideal democrático, la tolerancia debe formularse de manera que no se reconozca mayor mérito cívico a quien tolere más por sobreponerse a mayores prejuicios.&#xd;
Esta ponencia aborda el reto que supone delimitar conceptualmente la tolerancia en cuanto valor y virtud cívica.</subfield>
   </datafield>
   <datafield ind1="8" ind2=" " tag="024">
      <subfield code="a">http://hdl.handle.net/10630/14465</subfield>
   </datafield>
   <datafield tag="653" ind2=" " ind1=" ">
      <subfield code="a">Tolerancia</subfield>
   </datafield>
   <datafield ind2="0" ind1="0" tag="245">
      <subfield code="a">¿Qué debemos entender por tolerancia?</subfield>
   </datafield>
</record>
</metadata></record></GetRecord></OAI-PMH>